000 00734cam a2200229 a 4500
001 1179626
005 20180109033942.0
008 970225s1998 nyuab b 001 0 eng
010 _a 97009545
020 _a0195117239 (cloth : acidfree paper)
040 _aDLC
_cDLC
_dDLC
041 _aeng
080 _a614.57 OLD
082 0 0 _a614.57 OLD
_221
100 1 _a3
101 _aSHM
245 1 0 _aViruses, plagues, and history /
_cMichael B.A. Oldstone.
504 _aIncludes bibliographical references (p. 193-206) and index.
906 _a7
_bcbc
_corignew
_d1
_eocip
_f19
_gy-gencatlg
942 _2ddc
_cBK
999 _c39829
_d39829